Reino Unido - Statistics

Estatísticas Gerais
  • Esse quiz foi jogado 126 vezes
  • A pontuação média é 8 de 15
Estatísticas das Respostas
Hint Resposta % Correto
Qual é a sua capital? Londres
100%
Qual é o seu idioma? Inglês
97%
Onde fica? Europa
96%
Qual é a sua moeda? Libra
80%
Como se chama o seu famoso relógio? Big Ben
73%
De que cidade britânica são os Beatles Liverpool
65%
Que detetive fictício vivia no país? Sherlock Holmes
64%
Que famoso dramaturgo nasceu no país? William Shakespeare
46%
Quem foi o principal ator britânico na era do cinema mudo? Charlie Chaplin
44%
Que famosa escritora britânica escreveu o Harry Potter? J. K. Rowling
44%
Como se chama a sua famosa roda gigante? London Eye
41%
Qual é o principal estádio do país? Wembley
33%
Quem é o seu governante? Isabel II
11%
Que desporto teve origem no país? Críquete
6%
Em Londres, em que famoso teatro podemos assistir á ópera? Teatro Drury Lane
0%
Nenhum quiz correspondente encontrado
Distribuição das Pontuações
Porcentagem de Pessoas com Cada Pontuação
Percentil de Números Respondidos
Sua Pontuação Histórica
Você não jogou esse quiz